| 000 | 00547nam a2200193Ia 4500 | ||
|---|---|---|---|
| 005 | 20250508163532.0 | ||
| 008 | 008 250505s9999 xx 000 0 hin d | ||
| 037 | _aTextual | ||
| 040 |
_aFEDL _beng _cFEDL |
||
| 041 |
_ahin _2eng |
||
| 084 |
_a306, MAH _qFEDL |
||
| 100 |
_aMahajan Dharamveer _9775574 |
||
| 245 | 0 | _aBhartiya samajik sansthaye | |
| 260 |
_aMeerut, India _bShiksha Sahitya Prakashan _c1922 |
||
| 300 | _aviii,291p. | ||
| 700 |
_a Mahajan Kamlesh _9775575 |
||
| 942 |
_cTEXL _h306, MAH |
||
| 999 |
_c1383935 _d1383935 |
||